<?xml version="1.0" encoding="UTF-8"?><?xml-stylesheet type="text/xsl" href="static/style.xsl"?><OAI-PMH xmlns="http://www.openarchives.org/OAI/2.0/" xmlns:xsi="http://www.w3.org/2001/XMLSchema-instance" xsi:schemaLocation="http://www.openarchives.org/OAI/2.0/ http://www.openarchives.org/OAI/2.0/OAI-PMH.xsd"><responseDate>2026-04-17T08:18:44Z</responseDate><request verb="GetRecord" identifier="oai:www.recercat.cat:2099.1/26393" metadataPrefix="marc">https://recercat.cat/oai/request</request><GetRecord><record><header><identifier>oai:recercat.cat:2099.1/26393</identifier><datestamp>2025-07-23T06:43:58Z</datestamp><setSpec>com_2072_1033</setSpec><setSpec>col_2072_452951</setSpec></header><metadata><record xmlns="http://www.loc.gov/MARC21/slim" xmlns:dcterms="http://purl.org/dc/terms/" xmlns:xsi="http://www.w3.org/2001/XMLSchema-instance" xmlns:doc="http://www.lyncode.com/xoai" xsi:schemaLocation="http://www.loc.gov/MARC21/slim http://www.loc.gov/standards/marcxml/schema/MARC21slim.xsd">
   <leader>00925njm 22002777a 4500</leader>
   <datafield ind2=" " ind1=" " tag="042">
      <subfield code="a">dc</subfield>
   </datafield>
   <datafield ind2=" " ind1=" " tag="720">
      <subfield code="a">Ramos Masdeu, Joan</subfield>
      <subfield code="e">author</subfield>
   </datafield>
   <datafield ind2=" " ind1=" " tag="260">
      <subfield code="c">2015-05-05</subfield>
   </datafield>
   <datafield ind2=" " ind1=" " tag="520">
      <subfield code="a">El cotxe elèctric va néixer al segle XIX i ha viscut una història d'alts i baixos. El primer vehicle elèctric va ser una locomotora que va aparèixer l'any 1838 de la mà de l'escocès Robert Davidson. La invenció de les bateries va donar pas a cotxes elèctrics fiables, de mecànica senzilla i poca autonomia. Va ser aquesta poca autonomia la que li va fer perdre la batalla enfront del motor de combustió de 4T de Nikolaus August Otto. Només les guerres i les crisis del petroli van fer que pogués recuperar puntualment la seva popularitat. Aquest Treball de Final de Grau estudiarà el present del cotxe elèctric, quin és el seu funcionament, les empreses involucrades i la seva viabilitat; juntament amb les possibilitats de futur que té d'ara endavant per guanyar definitivament la guerra amb la combustió interna, aportant dades sobre la seva evolució recent i centrant-se en analitzar els vehicles del pla MOVELE espanyol.</subfield>
   </datafield>
   <datafield tag="653" ind2=" " ind1=" ">
      <subfield code="a">Àrees temàtiques de la UPC::Enginyeria mecànica</subfield>
   </datafield>
   <datafield tag="653" ind2=" " ind1=" ">
      <subfield code="a">Electric vehicles</subfield>
   </datafield>
   <datafield tag="653" ind2=" " ind1=" ">
      <subfield code="a">Vehicles elèctrics</subfield>
   </datafield>
   <datafield ind2="0" ind1="0" tag="245">
      <subfield code="a">El cotxe elèctric. Present i futur. Anàlisi de dades</subfield>
   </datafield>
</record></metadata></record></GetRecord></OAI-PMH>